Le "Deathdive" ou Døds - Statistiques

Statistiques générales
  • Ce quiz a été pris 10 fois
  • Le résultat moyen est 12 sur 20
Statistiques - réponses
Question Réponse % Correct
De quel pays vient-il ? France
100%
Dans quel pays est né le Døds ou deathdive ? Norvège
100%
En quelle année ? 1969
75%
Combien de types de sauts y'a-t-il dans une compétition de Døds ? 2
75%
Combien d'athlètes passent les qualification dans un Championnat du Monde de Døds ? 8
75%
De quel pays vient-il ? Espagne
75%
Lorsque quelqu'un effectue un deathdive, il donne l'impression qu'il va faire quelque chose, quoi ? Un plat
75%
Quelle communauté de dodsers perçe sur Youtube avec au total plus de 17 millions de vues ? 00Nation
50%
De quelle hauteur a-t-il effectué son saut ? 44 mètres
50%
Quelle femme est triple championne (2021,2022,2023) de Døds ? Asbjorg Nesje
50%
Cite en un. Classique / Freestyle
50%
Quel est le recordman du Døds le plus haut ? Come Girardot
50%
Qui a inventé le Døds ? Erling Bruno Hovden
50%
Dans quel pays s'est tenu la compétition de Døds "Splash Jam" ? Guatemala
50%
Quel est l'actuel champion du monde de Døds ? (2024) Pacome Pegaz
50%
Comment appelle-t-on le saut spécial réservé au vainqueur du Championnat du Monde ? (qui a pour but d'effectuer un plat des jambes/fesses) Sofa
50%
Cite moi un des deux athlètes triple champion du monde de Døds Truls Torp / Filip Julius Devor
50%
De quelle hauteur s'élance les athlètes lors d'une compétition officielle ? 10,11,12,13 mètres
25%
Quelle est la position classique pour attérir dans l'eau lors d'un Døds ? Crevette
25%
Quel athlète de seulement 13 ans fait sensation en Norvège grâce à son niveau en Døds ? Il est actuellement numéro 1 mondial de la discipline. Herman Solstad
25%
Aucun quiz correspondant
Distribution des résultats
% des personnes avec chaque résultat
Percentile par nombre de réponses
Votre historique - résultats
Vous n’avez pas pris ce quiz